Vista normal
Vista MARC
Entrada Materia (personas)
Número de registros utilizados en: 1
001 - CONTROL NUMBER
- control field: 76391
003 - CONTROL NUMBER IDENTIFIER
- control field: Co-BoUCM
005 - DATE AND TIME OF LATEST TRANSACTION
- control field: 20160401071315.0
008 - FIXED-LENGTH DATA ELEMENTS
- fixed length control field: 160401|| aca||aabn | a|a d
040 ## - CATALOGING SOURCE
- Original cataloging agency: Co-BoUCM
- Transcribing agency: Co-BoUCM
100 ## - HEADING--PERSONAL NAME
- Personal name: Ethridge, Don E.
- Fuller form of name: (Don Erwin)
670 ## - SOURCE DATA FOUND
- Source citation: Work cat.: (Co-BoUCM)69200: Ethridge, Don E. (Don Erwin), Research methodology in applied economics organizing, planning, and conducting economic research, 2004